|
|
|
|
| LEADER |
01706cas a2200241 a 4500 |
| 001 |
AALejournalIMF014109 |
| 008 |
230101c9999 xx r poo 0 0eng d |
| 020 |
|
|
|c 5.00 USD
|
| 020 |
|
|
|z 9781484335437
|
| 022 |
|
|
|a 1934-7685
|
| 040 |
|
|
|a BD-DhAAL
|c BD-DhAAL
|
| 110 |
2 |
|
|a International Monetary Fund.
|b Western Hemisphere Dept.
|
| 245 |
1 |
0 |
|a Nicaragua :
|b Staff Report for the 2013 Article IV Consultation.
|
| 264 |
|
1 |
|a Washington, D.C. :
|b International Monetary Fund,
|c 2013.
|
| 300 |
|
|
|a 1 online resource (80 pages)
|
| 490 |
1 |
|
|a IMF Staff Country Reports
|
| 500 |
|
|
|a <strong>Off-Campus Access:</strong> No User ID or Password Required
|
| 500 |
|
|
|a <strong>On-Campus Access:</strong> No User ID or Password Required
|
| 506 |
|
|
|a Electronic access restricted to authorized BRAC University faculty, staff and students
|
| 520 |
3 |
|
|a This 2013 Article IV Consultation highlights that during the past two years, macroeconomic developments in Nicaragua have been generally favorable. Real GDP grew by an average of 5u percent during 2011-2012, and the annual average inflation was 7u percent during the same period. Looking ahead, the macroeconomic outlook also remains broadly positive. Real GDP is expected to grow by 4u percent in 2013 and then stabilize at its potential level of 4 percent over the medium-term. Inflation is projected to remain at about 7 percent supported by the crawling-peg exchange rate system that has helped anchor inflation expectations.
|
| 538 |
|
|
|a Mode of access: Internet
|
| 830 |
|
0 |
|a IMF Staff Country Reports; Country Report ;
|v No. 2013/377
|
| 856 |
4 |
0 |
|z Full text available on IMF
|u http://elibrary.imf.org/view/journals/002/2013/377/002.2013.issue-377-en.xml
|z IMF e-Library
|